| 000 | 00595nam a2200169 i 4500 | ||
|---|---|---|---|
| 001 | 80299 | ||
| 003 | ES-MaACL | ||
| 005 | 20230906174201.0 | ||
| 007 | t| | ||
| 008 | 041027s1912 sp ||||1| spa d | ||
| 100 | 1 |
_aHidalgo Pérez, Agustín. _963601 |
|
| 245 | 1 | 0 |
_aBreves consideraciones acerca del anarquismo _b: discurso leído en la apertura del cuso de 1912 á 1913 en la Universidad de Granada / _cAgustín Hidalgo Pérez. |
| 260 |
_aGranada : _b[s.n.], _c1912 ( _fImp. Guevara) |
||
| 300 |
_a18 p. ; _c30 cm. |
||
| 710 | 2 |
_aUniversidad de Granada. _97176 |
|
| 852 |
_aES-MaACL _jT-1323-F-7 |
||
| 999 |
_c80299 _d80299 |
||